| 000 | 00452nam a2200169Ia 4500 | ||
|---|---|---|---|
| 001 | 61767 | ||
| 008 | 170515n ii |||gr||||Z||||||465 | ||
| 020 | _a978-81-7754-293-6 | ||
| 082 | _a581.5 | ||
| 100 |
_aAgarwal, A.K., _eAuthor., |
||
| 245 | 0 |
_aPlant Ecology _cA.K.Agrawal & P.P.Deo _hTextual Documents |
|
| 260 |
_aJodhpur _bAgrobios (India) |
||
| 300 |
_a573p: _bill; _c23cm. |
||
| 653 | _aPlant Ecology | ||
| 653 | _aPG - Botany | ||
| 942 |
_2ddc _cBK |
||
| 999 |
_c62875 _d62875 |
||